[Event "Asia-ch Rapid U20 Girls"]
[Site "Jamshedpur"]
[Date "2023.09.08"]
[Round "1"]
[White "Ahmed, Walijah"]
[Black "Sanudula, KM Dahamdi"]
[Result "1-0"]
[WhiteElo "1864"]
[BlackElo "1474"]
[PlyCount "143"]
[EventDate "2023.09.08"]
[EventType "swiss (rapid)"]
[EventRounds "9"]
[EventCountry "IND"]
[SourceTitle "EXT 2024"]
[Source "ChessBase"]
[SourceDate "2023.10.10"]
[SourceVersion "1"]
[SourceVersionDate "2023.10.10"]
[SourceQuality "1"]

1. e4 d5 2. exd5 Qxd5 3. Nc3 Qa5 4. d4 Nf6 5. Nf3 Bf5 6. Bc4 e6 7. Bd2 Bb4 8. 0-0 c6 9. a3 Be7 10. Nd5 Qd8 11. Nxe7 Qxe7 12. Bb4 Qd8 13. a4 Nd5 14. Bxd5 cxd5 15. Ne5 Qb6 16. c3 Nc6 17. a5 Qc7 18. Nxc6 Qxc6 19. Qe2 0-0-0 20. Rfc1 Qc4 21. Qe5 Qc7 22. Qe3 Kb8 23. c4 dxc4 24. b3 Qd7 25. Rxc4 Rc8 26. Bc5 Ka8 27. Rac1 Rhd8 28. h3 Qd5 29. Qg3 Re8 30. Bb4 Qd7 31. Qxg7 Rxc4 32. Rxc4 Bd3 33. Rc3 Bg6 34. Qe5 Rc8 35. Rxc8+ Qxc8 36. Bc5 Qb8 37. Bd6 Qc8 38. b4 Bd3 39. Qg7 Bg6 40. h4 h5 41. Qf6 Qe8 42. b5 Qc8 43. Qe5 Qd8 44. Qf4 Qxa5 45. Qe5 Qd8 46. g3 Qc8 47. Kh2 Qd8 48. Qc5 Bf5 49. Bc7 Qc8 50. Qe7 Bg6 51. b6 a6 52. Qd6 Be4 53. Qf4 Bf5 54. Qg5 Bg6 55. f3 Qd7 56. Qe5 Qc8 57. g4 hxg4 58. fxg4 Bd3 59. Kg3 Qg8 60. Qf6 Bf5 61. g5 Qe8 62. h5 Qf8 63. Kf4 Qe8 64. Qg7 Bd3 65. h6 e5+ 66. Bxe5 Qc8 67. Qxf7 Qd8 68. h7 Bxh7 69. Qxh7 Qf8+ 70. Qf5 Qd8 71. Qf6 Qc8 72. Qh8 1-0

[Event "Asia-ch Rapid U20 Girls"]
[Site "Jamshedpur"]
[Date "2023.09.08"]
[Round "4"]
[White "Keerti, Shree Reddy"]
[Black "Ahmed, Walijah"]
[Result "1-0"]
[WhiteElo "1618"]
[BlackElo "1864"]
[PlyCount "65"]
[EventDate "2023.09.08"]
[EventType "swiss (rapid)"]
[EventRounds "9"]
[EventCountry "IND"]
[SourceTitle "EXT 2024"]
[Source "ChessBase"]
[SourceDate "2023.10.10"]
[SourceVersion "1"]
[SourceVersionDate "2023.10.10"]
[SourceQuality "1"]

1. e4 c5 2. Nf3 e6 3. d4 cxd4 4. Nxd4 Nc6 5. a3 Qc7 6. Nc3 a6 7. Be2 Nf6 8. 0-0 Be7 9. Nb3 b5 10. Kh1 Bb7 11. f4 d6 12. Bf3 0-0 13. Be3 Rac8 14. Qe1 b4 15. axb4 Nxb4 16. Qf2 d5 17. e5 Ne4 18. Bxe4 dxe4 19. Bb6 Qb8 20. Rac1 Nd5 21. Ba7 Qa8 22. Nxd5 Bxd5 23. Be3 Qb7 24. Nd4 g6 25. b3 Rc7 26. c4 Bc6 27. f5 exf5 28. Bh6 Rd8 29. Nxf5 e3 30. Nxe3 Bc5 31. Qf6 Bf8 32. Qxd8 Rd7 33. Qxf8# 1-0

[Event "Asia zt 3.2 (Women)"]
[Site "Dhaka"]
[Date "2023.05.03"]
[Round "2"]
[White "Mehak, Gul"]
[Black "Ahmed, Walijah"]
[Result "0-1"]
[WhiteElo "1485"]
[BlackElo "1948"]
[PlyCount "80"]
[EventDate "2023.05.02"]
[EventType "tourn"]
[EventRounds "9"]
[EventCountry "BAN"]
[SourceTitle "CBM 215 Extra"]
[Source "ChessBase"]
[SourceDate "2023.09.30"]
[SourceVersion "1"]
[SourceVersionDate "2023.09.30"]
[SourceQuality "1"]

1. d4 d5 2. Nf3 Nf6 3. g3 g6 4. Bg2 Bg7 5. 0-0 0-0 6. c4 c6 7. Nc3 Ne4 8. cxd5 cxd5 9. Qb3 Nxc3 10. bxc3 Nc6 11. Bf4 e6 12. Nd2 b6 13. e4 Na5 14. Qc2 Bb7 15. Rac1 Rc8 16. Qd3 Qd7 17. Rfd1 Nc4 18. Nxc4 Rxc4 19. exd5 Bxd5 20. Bxd5 Qxd5 21. Qe2 Rfc8 22. Qb2 Qf3 23. Be3 Rxc3 24. Rxc3 Qxd1+ 25. Kg2 Rd8 26. Rc7 Qa4 27. Qb3 Qxb3 28. axb3 Bxd4 29. Bxd4 Rxd4 30. Rxa7 Rd3 31. b4 Rd4 32. b5 Rb4 33. Rb7 Rxb5 34. h4 h5 35. Kf3 Rb4 36. Ke3 Kg7 37. Kf3 Kf6 38. Ke3 e5 39. Kf3 Rb3+ 40. Ke4 Ke6 0-1

[Event "BAN-ch U20 Girls"]
[Site "Dhaka"]
[Date "2022.02.21"]
[Round "7"]
[White "Ahmed, Walijah"]
[Black "Wadifa, Ahmed"]
[Result "1-0"]
[WhiteElo "1953"]
[BlackElo "1786"]
[PlyCount "57"]
[EventDate "2022.02.15"]
[EventType "swiss"]
[EventRounds "9"]
[EventCountry "BAN"]
[SourceTitle "CBM 207 Extra"]
[Source "ChessBase"]
[SourceDate "2022.05.31"]
[SourceVersion "1"]
[SourceVersionDate "2022.05.31"]
[SourceQuality "1"]

1. d4 g6 2. g3 Bg7 3. Bg2 c5 4. Nf3 cxd4 5. Nxd4 Nc6 6. Nb3 Nf6 7. 0-0 d6 8. c4 h5 9. Nc3 h4 10. Bg5 hxg3 11. hxg3 Bh3 12. Bxh3 Rxh3 13. Kg2 Rh5 14. Bxf6 Bxf6 15. Nd5 Bxb2 16. Rb1 Bg7 17. Nd2 Qd7 18. Rh1 Rxh1 19. Qe1 Rg1+ 20. Qxg1 0-0-0 21. Qh1 Rg8 22. Qh7 Rh8 23. Qxg7 Qh3+ 24. Kf3 Ne5+ 25. Ke3 Ng4+ 26. Kd4 Nxf2 27. Qxf7 Qg4+ 28. Kc3 Qxg3+ 29. Kc2 1-0

[Event "BAN-ch U20 Girls"]
[Site "Dhaka"]
[Date "2022.02.15"]
[Round "1"]
[White "Ahmed, Walijah"]
[Black "Arisha, Hossain Tuba"]
[Result "1-0"]
[WhiteElo "1953"]
[BlackElo "1173"]
[PlyCount "91"]
[EventDate "2022.02.15"]
[EventType "swiss"]
[EventRounds "9"]
[EventCountry "BAN"]
[SourceTitle "CBM 207 Extra"]
[Source "ChessBase"]
[SourceDate "2022.05.31"]
[SourceVersion "1"]
[SourceVersionDate "2022.05.31"]
[SourceQuality "1"]

1. e4 e5 2. Nf3 Nc6 3. Bb5 Nf6 4. d3 Bc5 5. 0-0 h6 6. Bxc6 dxc6 7. Nxe5 0-0 8. Nd2 Re8 9. Ndf3 Ng4 10. Nxg4 Bxg4 11. h3 Bh5 12. g4 Bg6 13. Bf4 Re6 14. Bg3 Qe8 15. Bxc7 Qd7 16. Bg3 Bd4 17. c3 Bf6 18. e5 Bg5 19. h4 Bxh4 20. Bxh4 Ree8 21. Bg3 Rad8 22. d4 Qxg4 23. Nh4 Qg5 24. Nxg6 Qxg6 25. Qf3 Re7 26. Kh2 Re6 27. Rac1 f6 28. Rg1 Rf8 29. Bh4 fxe5 30. Rxg6 Rxf3 31. Rxe6 Rf5 32. dxe5 Rh5 33. Re8+ Kh7 34. Kg3 g5 35. Rd1 gxh4+ 36. Kh3 Rg5 37. Rd6 a6 38. Re7+ Rg7 39. Rxg7+ Kxg7 40. Rd7+ Kg6 41. e6 Kf6 42. e7 Ke6 43. e8Q+ Kf6 44. Rf7+ Kg5 45. Qg8+ Kh5 46. Rf5# 1-0

[Event "Dhaka Al Mahmud Memorial"]
[Site "Dhaka"]
[Date "2022.02.13"]
[Round "9"]
[White "Khondakar, Nazre Mowla"]
[Black "Ahmed, Walijah"]
[Result "0-1"]
[WhiteElo "1823"]
[BlackElo "1953"]
[PlyCount "59"]
[EventDate "2022.02.05"]
[EventType "swiss"]
[EventRounds "9"]
[EventCountry "BAN"]
[SourceTitle "EXT 2023"]
[Source "ChessBase"]
[SourceDate "2022.10.05"]
[SourceVersion "1"]
[SourceVersionDate "2022.10.05"]
[SourceQuality "1"]

1. e4 c5 2. Nf3 e6 3. d4 cxd4 4. Nxd4 Nc6 5. Nc3 Qc7 6. Be2 a6 7. Be3 Nf6 8. 0-0 Be7 9. f4 d6 10. Bf3 0-0 11. Qd2 Bd7 12. Rad1 Rac8 13. Nce2 Nxd4 14. Nxd4 e5 15. Ne2 Qxc2 16. Nc3 Qxd2 17. Rxd2 b5 18. a3 Rfe8 19. h3 Bc6 20. fxe5 dxe5 21. Nd5 Bxd5 22. exd5 e4 23. Bd1 Bc5 24. Kf2 Re5 25. Bg4 Bxe3+ 26. Kxe3 Rd8 27. Rfd1 h5 28. Be2 Nxd5+ 29. Rxd5 Rdxd5 30. g3 0-1

[Event "BAN-ch (Women)"]
[Site "Dhaka"]
[Date "2022.01.08"]
[Round "11"]
[White "Nusrat Jahan, Alo"]
[Black "Ahmed, Walijah"]
[Result "0-1"]
[WhiteElo "1766"]
[BlackElo "1919"]
[PlyCount "84"]
[EventDate "2021.12.29"]
[EventType "swiss"]
[EventRounds "11"]
[EventCountry "BAN"]
[SourceTitle "EXT 2023"]
[Source "ChessBase"]
[SourceDate "2022.10.05"]
[SourceVersion "1"]
[SourceVersionDate "2022.10.05"]
[SourceQuality "1"]

1. e4 c5 2. Nf3 e6 3. c3 Nf6 4. e5 Nd5 5. d4 cxd4 6. cxd4 d6 7. Bb5+ Bd7 8. Bxd7+ Nxd7 9. 0-0 dxe5 10. dxe5 Be7 11. b3 0-0 12. Bb2 Rc8 13. Na3 a6 14. Rc1 b5 15. Qd3 Qa5 16. Nc2 Qxa2 17. Bd4 Nc5 18. Bxc5 Rxc5 19. Nfd4 Qa5 20. Qh3 Qb6 21. Qg4 Rfc8 22. Qe4 Nb4 23. Kh1 Rc3 24. f4 Qc7 25. Rf3 Nxc2 26. Rxc3 Qxc3 27. Qxc2 Qxc2 28. Rxc2 Rd8 29. Nf3 Rd1+ 30. Ng1 g6 31. g3 Rb1 32. Rc3 b4 33. Rc7 Bf8 34. Kg2 Rb2+ 35. Kh3 Rxb3 36. Ne2 a5 37. Nd4 Rd3 38. Nb5 b3 39. Nc3 b2 40. Rb7 Rxc3 41. Rxb2 a4 42. Ra2 a3 0-1